000 00494nam a2200157 a 4500
001 000032569
005 20200930065718.0
008 110719s20-- dr ac r 000 0 spa d
040 _aDO-SdBNP
_bspa
_cBNPHU
082 _axxxx
_bB483e
100 1 _aBeras, José Rafael
_958501
245 1 0 _aEducación física ayer y hoy. /
_cJosé Rafael Beras ; prólogo Yoel Adames.
260 _aSanto Domingo :
_bs. n.,
_c200?.
300 _a72 p. :
_bil., retr. ;
_c22 cm.
504 _aBibliografía : P. 68-69
999 _c32060
_d32060